• 首页
  • 本馆介绍
  • 公告通知
  • 最新文献
  • 馆藏检索
  • 电子资源
  • 读者导购
  • 参考咨询
  • 我的图书馆
  • 登录
  • 详细信息显示
  • 放入我的书架
  • 预约/预借图书
  • 作者相关作品
  • 分类相关作品
  • 丛书相关作品
  • 出版社相关作品

书目信息

  • 表格格式
  • 工作单格式
  • 卡片格式
题名:
明仔玩画画之古代帆船
    
 
作者: 瀚鼎文化工作室 编著
分册:  
出版信息: 北京   航空工业出版社  2015.03
页数: 134页
开本: 26cm
丛书名:
单 册:
中图分类: U674.926-49
科图分类:
主题词: 水路运输
电子资源:
ISBN: 978-7-5165-0640-0
000 00693nam0 2200205 450
001 3544
005 20160927091509.37
010    @a978-7-5165-0640-0@b平装@dCNY35.00
100    @a20151001d2015 km y0chiy0120 ea
101 0  @achi
102    @aCN@b110000
200 1  @a明仔玩画画之古代帆船@Aming zi wan hua hua zhi gu dai fan chuan@f瀚鼎文化工作室编著@Fhan ding wen hua gong zuo shi bian zhu
210    @a北京@c航空工业出版社@d2015.03
215    @a134页@d26cm
330    @a帆船·世界·古代·青少年读物
606 0  @a水路运输
690    @aU674.926-49@v4
701  0 @a瀚鼎文化工作室@Ahan ding wen hua gong zuo shi@4编著
801  0 @aCN@b唐山师范学院图书馆@c20151001
905    @aZUCC@dU674.926-49@e335
    
    明仔玩画画之古代帆船/瀚鼎文化工作室编著.-北京:航空工业出版社,2015.03
    134页;26cm
    
    
    ISBN 978-7-5165-0640-0(平装):CNY35.00
    帆船·世界·古代·青少年读物
●
相关链接 在E读中查询图书 在五车中查询图书 在当当中查询图书 在豆瓣中查询图书


正题名:明仔玩画画之古代帆船     索取号:U674.926-49/335         预约/预借

序号 登录号 条形码 馆藏地/架位号 状态 备注
1 905692   209056929   第二样本阅览室/ [索取号:U674.926-49/335] 在馆    
2 905693   209056938   第三借阅区/ [索取号:U674.926-49/335] 在馆    
3 905694   209056947   第三借阅区/ [索取号:U674.926-49/335] 在馆    
4 905695   209056956   第三借阅区/ [索取号:U674.926-49/335] 在馆    
5 905696   209056965   第三借阅区/ [索取号:U674.926-49/335] 在馆    
唐山师范学院图书馆 欢迎您!
大连网信软件有限公司© 版权所有